000 00605nam a22001817a 4500
003 UA-OsUOA
001 9043
007 ta
008 20041013b un ||||| |||| 00| 0 ukr d
100 _aТарасюк Д.
942 _cSA
040 _aUA-OsUOA
_cUA-OsUOA
_dUA-OsUOA
245 _aПроводове радіомовлення: у відставку ще рано
_b[Про Рівнен. місц. проводове радіомовлення]
300 _aС.3
955 _a0
773 0 _w0
_tВісті Рівненщини
_dРівне
_d2004
_g№93/6 жовт./
650 7 _aЗв'язок
_2UDC
999 _c295204
_d295204